NHL Hockey Stumper - Statistics

General Stats
  • This quiz has been taken 26 times
  • The average score is 6 of 15
Answer Stats
Hint Answer % Correct
What goaltender shockingly won the Vezina Trophy in 1996 and has a name extremely similar to a famous comedy actor? Jim Carey
80%
Who was the beneficiary of Joe Thornton's passing prowess and went on to lead the league in goals in 2005-06 with 56? Jonathan Cheechoo
64%
What was the name of Pavel Bure's younger brother who played in the NHL? Valeri
56%
What was the name of Wayne Gretzky's younger brother who played in the NHL? Brent
48%
What was the name of Marian Hossa's younger brother who played in the NHL? Marcel
48%
Who won the Calder Memorial Trophy as the NHL's top rookie in the 1989-90 season at the age of 31? Sergei Makarov
44%
What was the name of Eric Lindros' younger brother who played in the NHL? Brett
40%
The NHL has had many sets of siblings play in the league, but some well-known players had much lesser-known brothers who made it to the league. What was the name of Paul Kariya's younger brother who played in the NHL? Steve
40%
What player scored 70 goals in the 1988-89 season, but failed to score 500 in their 18 year career? Bernie Nicholls
36%
What was the name of Sergei Fedorov's younger brother who played in the NHL? Fedor
28%
Playing alongside Hall of Famers like Adam Oates and Ray Bourque, what player scored 102 points in the 1992-93 season and has a surname that is also a U.S. state capital? Joe Juneau
28%
What defenseman won the Calder Memorial Trophy as the NHL's top rookie in 2002-03 with a whopping 19 points scored? Barret Jackman
12%
What goaltender was nicknamed "Moose" after wearing their bright blue Manitoba Moose mask after getting called up by the Pittsburgh Penguins in 2000-01? Johan Hedberg
12%
Who was the team captain who scored the first goal in Atlanta Thrashers history? Kelly Buchberger
12%
Who is the most recent NHLer to surpass 400 penalty minutes in a season, compiling 408 PIM in the 1992-93 season with the Chicago Blackhawks? Mike Peluso
8%
No matching quizzes found
Score Distribution
Percent of People with Each Score
Percentile by Number Answered
Your Score History
You have not taken this quiz